1951 1766 1677 1122 1382 1146 1073 1174 1317 1271 1663 1301 1811 1422 1343 1082 1926 1231 1535 1156 1025 1325 1690 1025 1687 1684 1029 1205 1300 1585 1124 1937 1516 1654 1523 1968 1112 1647 1792 1810 1969 1829 1479 1838 1661 1423 1089 1837 1528 1655 1299 1598 1915 1215 1917 1184 1518 1883 1047 1776 1143 1494 1558 1838 1820 1135 1115 1532 1979 1736 1771 1780 1934 1285 1383 1689 1259 1759 1512 1903 1089 1451 1772 1235 1729 1646 1893 1789 1088 1807 1134 1997 1679 1210 1351 1523 1150 1647 1957 BCNSPRNW ULIB Ver.6.0+V

เปลี่ยนเป็นภาษาไทย

Change to English
 แสดงรายละเอียดบรรณานุกรม
  กลับหน้าหลัก

Brief Record : Get Marc (ISO 2709) : E-mail record : QR code < ปิดหน้าต่าง
LEADER : 00000nam 2200000uu 4500
001    13399110521
003     ULIB
008    110602s2011||||th 000 0 eng d
020    1582557357
024    9781582557359
060  4 WY100^bL989t 2011
100 0  Lynn,Pamela Barbara
245 00 Taylor s handbook of clincal nursing skills/^cPamela Barbara Lynn
260    Philadelphia:^bWolters Kluwer Health,^c2011
300    990 p:^bill
650  7 Clinical nursing skills
945    ^p1400^l0^i030112
995    Kesorn
999 ^a ใช้งานได้ทุกระบบ
รายการนี้ยังไม่มีแท็ก
คุณยังไม่ได้ล็อกอิน คุณสามารถมีกิจกรรมร่วมกับเว็บไซต์ได้ แต่ต้องล็อกอินก่อน ::
  ล็อกอิน

รายการสื่อสารสนเทศ

ลำดับที่ ประเภท เลขเรียก/บาร์โค้ด สถานที่ สถานะ
- ไม่พบข้อมูล -

BibComment


ยังไม่เคยถูกคอมเมนท์

คอมเมนท์ทรัพยากรรายการนี้
  คอมเมนท์: Taylor s handbook..


 Copyright 2026. Bcnsprnw @Library